10 najbardziej dotkniętych krajów Covid-19 - 8 kwietnia - Statystyki

Ogólne statystyki
  • Ten quiz został rozwiązany 103 razy
  • Średni wynik to 8 z 14
Statystyki odpowiedzi
stawka
za milion
kraj % Poprawnych
1314 Stany Zjednoczone
96%
Chiny
93%
2306 Włochy
84%
1730 Francja
83%
1352 Niemcy
82%
3170 Hiszpania
81%
Wielka Brytania
69%
1289 Portugalia
42%
1437 Austria
33%
2019 Belgia
33%
2690 Szwajcaria
29%
Iran
28%
Turcja
22%
1320 Irlandia
19%
Nie znaleziono quizów pasujących do podanych kryteriów
Rozkład punktacji
Procent ludzi z każdym wynikiem
Percentyl według liczby udzielonych odpowiedzi
Twoja historia wyników
Nie rozwiązałeś tego quizu